Loïc sur le chemin de la gloire et de l'amour

محفوظ في:
التفاصيل البيبلوغرافية
المؤلف الرئيسي: Meyer, Alain
التنسيق: كتاب
اللغة:الإنجليزية
منشور في: Textes Gais 2001
الوسوم: إضافة وسم
لا توجد وسوم, كن أول من يضع وسما على هذه التسجيلة!

MARC

LEADER 00000nam a2200000 4500
005 20240227145150.0
008 240227b |||||||| |||| 00| 0 eng d
020 |a 2914679033 
040 |c C 
100 |a Meyer, Alain 
245 |a Loïc sur le chemin de la gloire et de l'amour 
260 |b Textes Gais  |c 2001 
942 |2 ddc  |c BK  |n 0 
952 |0 0  |1 0  |2 ddc  |4 0  |6 843_920000000000000_MEY_LOI  |7 1  |9 751  |a GE  |b GE  |d 2024-02-27  |l 0  |o 843.92 MEY LOI  |p 2931  |r 2024-02-27 14:52:14  |w 2024-02-27  |y BK 
999 |c 705  |d 705